Ciencia, filosofía y racionalidad.
Gespeichert in:
| 1. Verfasser: | |
|---|---|
| Format: | Unbekannt |
| Veröffentlicht: |
Barcelona, España:
Gedisa,
2013.
|
| Ausgabe: | Primera edición. |
| Schriftenreihe: | Filosofía. Serie CLA-DE-MA.
|
| Schlagworte: | |
| Tags: |
Tag hinzufügen
Keine Tags, Fügen Sie den ersten Tag hinzu!
|
MARC
| LEADER | 00000 a2200000 4500 | ||
|---|---|---|---|
| 003 | CL-VaPUC | ||
| 005 | 20250310151855.0 | ||
| 008 | 230807t2013 ||||| |||| 00| 0 eng d | ||
| 999 | |c 441270 |d 441268 | ||
| 020 | |a 9788497847766 | ||
| 040 | |c Pontificia Universidad Católica de Valparaíso | ||
| 082 | 7 | |a 501 MOR 2013 |2 22 | |
| 100 | |a Mosterín, Jesús |9 254782 |e autor | ||
| 245 | |a Ciencia, filosofía y racionalidad. | ||
| 250 | |a Primera edición. | ||
| 260 | |a Barcelona, España: |b Gedisa, |c 2013. | ||
| 300 | |a 358 páginas. | ||
| 490 | |a Filosofía. Serie CLA-DE-MA. | ||
| 583 | |k GC |c 20230807 | ||
| 650 | 0 | |a Ciencia |9 863059 |x Filosofía | |
| 650 | 0 | |a Racionalismo |9 259116 | |
| 650 | 0 | |a Filosofía de la ciencia |9 863129 | |
| 942 | |2 ddc |c BK | ||
| 952 | |0 0 |1 0 |2 ddc |4 0 |6 501_000000000000000_MOR_2013 |7 0 |8 A |9 591124 |a BIBEDU |b BIBEDU |c GEN |d 2023-08-04 |e 3 |g 22869.00 |i 5658306 |l 1 |o 501 MOR 2013 |p 5658306 |r 2023-09-06 |s 2023-09-06 |t 1 |v 22869.00 |w 2023-08-04 |y BK |k FIL | ||